00693nam a22001817b 450000500170000000800410001703500210005804000500007904100080012910000280013724501100016526000630027530000330033849000400037165000390041165000270045065000340047720151002164614.0151002s1996 ck a fr ||0 ||spa d a(OCoLC)433179467 aCO-BoUCMbspacSandra PalaciodSandra Palacio0 aspa1 aBalmes Arteaga, Enrique14aLas órdenes de caballería en el Nuevo Reino de Granada y en la época actualcEnrique Balmes Arteaga aBogotá (Colombia)bAcademia Colombiana de Historiac1996 a186 páginasbilustraciones0 aAcademia Colombiana de Historiav40 7aOrdenes de caballería zColombia 7aHeráldica zColombia 7aOrdenes religiosas militares